00486nam a2200169Ia 4500003000900000008004100009020001800050040001600068080001200084100002000096245008400116260003200200300001000232650001400242650004100256650001900297IN-BaIIA211028s9999 xx 000 0 eng d a0-393-06415-8 cIIA Library a52bJAS aJastrow, Robert 0aUntil the sun diescRobert Jastrow  aNew YorkbW. W Nortonc1977 a172p. aAstronomy aAstronomy and Astrophysics Thesaurus aOrigin of Life